[Event "Kaupthing op-B 1st"]
[Site "Differdange"]
[Date "2007.07.13"]
[Round "8"]
[White "Ortartchiev, Gadji"]
[Black "Pletsch, Claude"]
[Result "1-0"]
[WhiteElo "1992"]
[BlackElo "1903"]
[PlyCount "53"]
[EventDate "2007.07.08"]
[EventType "swiss"]
[EventRounds "9"]
[EventCountry "LUX"]
[SourceTitle "EXT 2008"]
[Source "ChessBase"]
[SourceDate "2007.11.25"]
[SourceVersion "1"]
[SourceVersionDate "2007.11.25"]
[SourceQuality "1"]

1. c4 e5 2. Nc3 Nf6 3. Nf3 Nc6 4. g3 d5 5. cxd5 Nxd5 6. Bg2 Be6 7. 0-0 Be7 8. d3 Qd7 9. Bd2 f6 10. a3 0-0-0 11. Rc1 g5 12. Ne4 Bh3 13. Bxh3 Qxh3 14. Rxc6 bxc6 15. Qa4 Qe6 16. Rc1 Kd7 17. Nexg5 fxg5 18. Rxc6 Bd6 19. Nxg5 Qf5 20. Rc5+ Ke7 21. Rxd5 h6 22. Ne4 Qd7 23. Qxa7 Qc6 24. Rxd6 Rxd6 25. Bb4 Ke6 26. Bxd6 cxd6 27. Qg7 1-0

[Event "Kaupthing op-B 1st"]
[Site "Differdange"]
[Date "2007.07.12"]
[Round "7"]
[White "Carrillo, Jesus"]
[Black "Ortartchiev, Gadji"]
[Result "1-0"]
[WhiteElo "2174"]
[BlackElo "1992"]
[PlyCount "81"]
[EventDate "2007.07.08"]
[EventType "swiss"]
[EventRounds "9"]
[EventCountry "LUX"]
[SourceTitle "EXT 2008"]
[Source "ChessBase"]
[SourceDate "2007.11.25"]
[SourceVersion "1"]
[SourceVersionDate "2007.11.25"]
[SourceQuality "1"]

1. e4 c5 2. Nf3 d6 3. d4 cxd4 4. Nxd4 Nf6 5. Nc3 g6 6. Bc4 Bg7 7. Bb3 0-0 8. f3 Nc6 9. Be3 Bd7 10. Qd2 Rc8 11. h4 Ne5 12. 0-0-0 h5 13. Bg5 Rc5 14. g4 hxg4 15. f4 Nc4 16. Qe2 Qc8 17. Bxf6 exf6 18. h5 Re8 19. hxg6 fxg6 20. Ncb5 Be6 21. Nxa7 Qb8 22. Nab5 f5 23. exf5 gxf5 24. Qf2 Rxb5 25. Nxb5 Bxb2+ 26. Kb1 Bg7 27. c3 Qd8 28. Rhe1 Bf7 29. Nd4 Rxe1 30. Qxe1 Qa5 31. Rc1 Qd5 32. Qe2 b5 33. Qd3 Qg2 34. Qe2 Qd5 35. Qd3 Qg2 36. Nc2 d5 37. Bxc4 dxc4 38. Qxf5 Bxc3 39. Qg5+ Kf8 40. Rd1 Bd2 41. Qd8+ 1-0

[Event "Kaupthing op-B 1st"]
[Site "Differdange"]
[Date "2007.07.08"]
[Round "3"]
[White "Ortartchiev, Gadji"]
[Black "Meyer, Mylene"]
[Result "1-0"]
[WhiteElo "1992"]
[BlackElo "1720"]
[PlyCount "101"]
[EventDate "2007.07.08"]
[EventType "swiss"]
[EventRounds "9"]
[EventCountry "LUX"]
[SourceTitle "EXT 2008"]
[Source "ChessBase"]
[SourceDate "2007.11.25"]
[SourceVersion "1"]
[SourceVersionDate "2007.11.25"]
[SourceQuality "1"]

1. c4 c6 2. d4 d5 3. e3 Nf6 4. Nc3 Bf5 5. Nf3 e6 6. Bd2 Bd6 7. Rc1 0-0 8. Be2 h6 9. 0-0 Re8 10. cxd5 exd5 11. Na4 Ne4 12. Nc5 Nxc5 13. dxc5 Be7 14. Nd4 Bh7 15. b4 Bf6 16. b5 Qe7 17. Re1 Qc7 18. Qa4 Bxd4 19. exd4 Nd7 20. bxc6 bxc6 21. Ba5 Qc8 22. Bg4 Rxe1+ 23. Rxe1 f5 24. Bf3 Nf6 25. Re7 Rb8 26. h3 Rb7 27. Re1 Rb5 28. Be2 Rb8 29. Bd2 Qc7 30. g3 g5 31. Ba5 Qc8 32. Bd3 Ne4 33. Kg2 Rb2 34. Re2 Rxe2 35. Bxe2 Qb7 36. Bb4 Qc7 37. Be1 f4 38. g4 Nf6 39. Ba5 Qb7 40. Qb3 Qc8 41. a4 Qe8 42. Qd1 Kg7 43. Bc7 Ne4 44. Be5+ Kf7 45. Qb3 Qd7 46. Qb8 Bg8 47. Ba6 Nc3 48. Bc8 Qe7 49. a5 Ne4 50. Bf5 Qe8 51. Bg6+ 1-0

[Event "LUX-ch AB"]
[Site "Differdingen"]
[Date "2007.04.09"]
[Round "3.3"]
[White "Ortartchiev, Gadji"]
[Black "Weber, Jean Marie"]
[Result "0-1"]
[WhiteElo "2012"]
[BlackElo "2236"]
[PlyCount "136"]
[EventDate "2007.04.07"]
[EventType "swiss"]
[EventRounds "9"]
[EventCountry "LUX"]
[SourceTitle "EXT 2008"]
[Source "ChessBase"]
[SourceDate "2007.11.25"]
[SourceVersion "1"]
[SourceVersionDate "2007.11.25"]
[SourceQuality "1"]

1. d4 Nf6 2. c4 g6 3. Nc3 d5 4. cxd5 Nxd5 5. e4 Nxc3 6. bxc3 Bg7 7. Bc4 0-0 8. Ne2 b6 9. Be3 Bb7 10. f3 Nc6 11. a4 Na5 12. Ba2 Qd7 13. h4 h5 14. Nf4 e6 15. Nd3 Bc6 16. Bb1 Rad8 17. Nb4 Bb7 18. Bg5 f6 19. Be3 c5 20. Nd3 Ba6 21. Nf4 Nc4 22. Bf2 Kh7 23. Qb3 Bh6 24. g3 e5 25. Nd5 exd4 26. cxd4 Qe6 27. Kd1 Rxd5 28. exd5 Qxd5 29. Be4 Qd7 30. f4 cxd4 31. Rc1 Re8 32. Bf3 Ne3+ 33. Kd2 Bb7 34. Bxb7 Qxb7 35. Qb5 Qe4 36. Rc7+ Bg7 37. Rhc1 Qg2 38. Qxe8 Qxf2+ 39. Kd3 Nd5 40. Rxg7+ Kxg7 41. Qd7+ Kh6 42. Qxd5 Qxg3+ 43. Kc4 Qxf4 44. Rd1 Qxh4 45. Rxd4 Qf2 46. Kb5 h4 47. Qe4 g5 48. Rd7 f5 49. Qe8 Qf1+ 50. Kc6 Qc4+ 51. Kb7 Qe4+ 52. Qxe4 fxe4 53. Kxa7 h3 54. Rd2 g4 55. Rh2 Kg5 56. Kxb6 Kh4 57. a5 g3 58. Re2 h2 59. Rxe4+ Kg5 60. Re1 g2 61. a6 g1Q+ 62. Rxg1+ hxg1Q+ 63. Kb7 Qg2+ 64. Kb8 Qb2+ 65. Ka8 Qc3 66. Kb8 Qb4+ 67. Kc7 Qa5+ 68. Kb7 Qb5+ 0-1